Normal view
MARC view
- Rehmani, Anjum
Entry Personal Name
001 - CONTROL NUMBER
- control field: 15151
003 - CONTROL NUMBER IDENTIFIER
- control field: NUST
005 - DATE AND TIME OF LATEST TRANSACTION
- control field: 20190620062525.0
008 - FIXED-LENGTH DATA ELEMENTS
- fixed length control field: 190620|| aca||aabn | a|a d
040 ## - CATALOGING SOURCE
- Original cataloging agency: NUST
- Transcribing agency: NUST
100 ## - HEADING--PERSONAL NAME
- Personal name: Rehmani, Anjum
670 ## - SOURCE DATA FOUND
- Source citation: Work cat.: (NUST): Rehmani, Anjum, Murqa-e-Lahore /, 2009.
